00174nam a2200073Ia 4500008004100000020001400041100001700055245002800072220601s9999 xx 000 0 und d a798636513 aRamaila, H.S 0aSeokodibeng go a boelwa